000 01313nam a2200301 a 4500
003 BLK
005 20240930162336.0
008 181106b bu |||gr|||| 00| 0 bu d
020 _a9789543992096
040 _aBLK
041 _aBUL
_cBUL
080 _aАмериканска литература (на САЩ)
_b821.111(73)
_x-31
_z821.111(73)-31
100 1 _aКаултър, Катрин
_977647
139 _aКаултър, Катрин
_bК 47
245 _aЛорд Найтингейл
_bРоман
_cКатрин Каултър ; прев. от англ. Красимира Матева
257 _aUSA
260 _9219405
_aСофия
_bСББ Медиа
_c2017
_dСанома блясък България
_fСофия : Ропринт
_n978-954-399-
300 _a312 с.
_c20 см
380 _aX
490 _9203324
_aИсторически любовни романи
500 _aОриг. загл.: The nightngale legacy / Katherine Coulter. - Името на прев. отбелязано на гърба на загл. с.
700 1 _aМатева, Красимира Иванова
_d1962 -
_eпрев.
_994117
852 _aЦб 291393
_bЦб
852 _bП
_c821-31/К 47 К
856 _i0.00
_ldisable
942 _cKNG
_n0
999 _c325921
_d325921
944 _k30560
_lГеновева Генчева